书目信息 |
| 书名: | Heat transfer | |
| 作者: | Helmut Wolf | |
| 分册号: | ||
| 分册名: | 出版地: | New York : |
|
| 出版社: | Harper & Row | |
| 出版时间: | c1983. | |
| 页数: | xiii, 522 p. : | |
| 开本: | 24 cm. | |
| 丛书名: | ||
| 中图分类号: | ||
| 科图分类号: | ||
| 其他分类号: | TK124 | |
| 主题词: | ||
| 电子资源: | ||
| 000 | 00815nam 2200265 a 4500 | |
| 001 | E0755638930 | |
| 005 | 20070226152848.67 | |
| 008 | 00110 eng | |
| 008 | uu | |
| 010 | @a82011840 | |
| 020 | @a0060471816. | |
| 049 | @aN5LA | |
| 050 | 0 | @aQC320 @b.W64 1983 |
| 082 | 0 | @a536/.2 @219 |
| 090 | @a2/O551.3/W85//////////////////476506/*975957/-58/ cop.2-3 | |
| 090 | @aTK124 | |
| 096 | @aO551.3 @v2 | |
| 099 | @dTK124@ex1 | |
| 100 | 10 | @aWolf, Helmut, @d1924- |
| 245 | 10 | @aHeat transfer / @cHelmut Wolf |
| 260 | 0 | @aNew York :@bHarper & Row,@cc1983. |
| 300 | @axiii, 522 p. :@bill. ;@c24 cm. | |
| 504 | @aIncludes bibliographical references and index. | |
| 650 | 0 | @aHeat @xTransmission. @b00 @c20020930 @lNLC09 @h2248 @lNLC09 @h2325 @lNLC09 @h1916 |
| 852 | 9 | @bWWJC @cJ08S @k2 @hO551.3 @iW85 |
| Heat transfer / / Helmut Wolf.-New York : : Harper & Row, , c1983. |
| xiii, 522 p. : : ill. ; ; 24 cm. |
| Includes bibliographical references and index. |
| ISBN 0060471816. |
| ● |
| 相关链接 |
|
|
|
|
正题名:Heat transfer
索取号:TK124/x1
 
预约/预借
| 序号 | 登录号 | 条形码 | 馆藏地/架位号 | 状态 | 备注 |
| 1 | 182003 | 000634558 | 第二样本阅览室/ [索取号:TK124/x1] | 在馆 | |
| 2 | 182004 | 000634549 | 第四借阅区/ [索取号:TK124/x1] | 在馆 | |
| 3 | 182005 | 000634530 | 第四借阅区/ [索取号:TK124/x1] | 在馆 | |
| 4 | 182006 | 000634521 | 第四借阅区/ [索取号:TK124/x1] | 在馆 | |
| 5 | 182007 | 000634512 | 第四借阅区/ [索取号:TK124/x1] | 在馆 |